Theodora de A à Z - Statistiques

Statistiques générales
  • Ce quiz a été pris 181 fois
    3 depuis la dernière actualisation
  • Le résultat moyen est 11 sur 19
Statistiques - réponses
Lettre Titres % Correct
1/# 243 km-h/#IL
100%
F FNG/FASHION DESIGNA
100%
I ILS ME RIENT TOUS AU NEZ/I WANNA
100%
M MON CASQUE/MASOKO NA MABELE/MON BÉBÉ/melodrama/Miss Kitoko
100%
B BAD BOY LOVESTORY/BIG BOSS LADY/BAD BOY LACKED/BOSS BABIES/Blues d'hiver
67%
D DO U WANNA ?/Doutes en boucle/Des mythos/Daddy chocolat
67%
E Entracte/Histoire d'amour/Commérages et Chardonnay
67%
G GO!
67%
K Koby'z piano/KONGOLESE SOUS BBL
67%
L LES OISEAUX RARES/Lili Aux Paradis Artificiels/Le Paradis se trouve dans le 93
67%
P Prendre le large/PAY!/PAPA <3/PETITE ABEBI
67%
S SORRY SORRY SO/Sex Model/SPA
67%
Z ZOU BISOU
67%
H Habiba
33%
J JTM 1 PEU
33%
U UN MEILLEUR NOUS
33%
C C'est Normal
0%
N Neptune
0%
R Respect/Rockstar
0%
Aucun quiz correspondant
Distribution des résultats
% des personnes avec chaque résultat
Percentile par nombre de réponses
Votre historique - résultats
Vous n’avez pas pris ce quiz depuis la dernière actualisation